|
|
|
|
| LEADER |
02467nam a2200457 i 4500 |
| 001 |
EBC1910829 |
| 003 |
MiAaPQ |
| 005 |
20200903223051.0 |
| 006 |
m o d | |
| 007 |
cr cnu|||||||| |
| 008 |
140722t20142014sz a ob 001 0 eng d |
| 020 |
|
|
|z 9783038351375
|
| 020 |
|
|
|a 9783038265207
|q (electronic bk.)
|
| 035 |
|
|
|a (MiAaPQ)EBC1910829
|
| 035 |
|
|
|a (Au-PeEL)EBL1910829
|
| 035 |
|
|
|a (CaPaEBR)ebr10895061
|
| 035 |
|
|
|a (OCoLC)899159031
|
| 040 |
|
|
|a MiAaPQ
|b eng
|e rda
|e pn
|c MiAaPQ
|d MiAaPQ
|
| 050 |
|
4 |
|a HC55
|b .I584 2014
|
| 082 |
0 |
|
|a 333.7
|2 23
|
| 111 |
2 |
|
|a International Conference on Energy and Environmental Protection
|n (3rd :
|d 2014 :
|c Xi'an, China)
|
| 245 |
1 |
0 |
|a Resources and sustainable development III :
|b selected, peer reviewed papers from the 2014 3rd International Conference on Energy and Environmental Protection (ICEEP 2014), April 26-28, 2014, Xi'an, China /
|c edited by Xixi Lu [and three others].
|
| 246 |
1 |
|
|a ICEEP 2014
|
| 264 |
|
1 |
|a Zurich, Switzerland :
|b TTP,
|c 2014.
|
| 264 |
|
4 |
|c 2014
|
| 300 |
|
|
|a 1 online resource (3136 pages) :
|b illustrations (some color), graphs, tables.
|
| 336 |
|
|
|a text
|2 rdacontent
|
| 337 |
|
|
|a computer
|2 rdamedia
|
| 338 |
|
|
|a online resource
|2 rdacarrier
|
| 490 |
1 |
|
|a Advanced Materials Research,
|x 1662-8985 ;
|v Volumes 962-965
|
| 504 |
|
|
|a Includes bibliographical references at the end of each chapters and indexes.
|
| 588 |
|
|
|a Description based on online resource; title from PDF title page (ebrary, viewed July 22, 2014).
|
| 590 |
|
|
|a Electronic reproduction. Ann Arbor, MI : ProQuest, 2016. Available via World Wide Web. Access may be limited to ProQuest affiliated libraries.
|
| 650 |
|
0 |
|a Natural resources
|v Congresses.
|
| 650 |
|
0 |
|a Sustainable development
|v Congresses.
|
| 655 |
|
4 |
|a Electronic books.
|
| 700 |
1 |
|
|a Lu, Xixi,
|e editor.
|
| 776 |
0 |
8 |
|i Print version:
|a International Conference on Energy and Environmental Protection (3rd : 2014 : Xi'an, China)
|t Resources and sustainable development III : selected, peer reviewed papers from the 2014 3rd International Conference on Energy and Environmental Protection (ICEEP 2014), April 26-28, 2014, Xi'an, China.
|d Zurich, Switzerland : TTP, c2014
|h 3128 pages
|k Advanced materials research ; Volumes 962-965.
|z 9783038351375
|
| 797 |
2 |
|
|a ProQuest (Firm)
|
| 830 |
|
0 |
|a Advanced materials research ;
|v Volumes 962-965.
|
| 856 |
4 |
0 |
|u https://ebookcentral.proquest.com/lib/matrademy/detail.action?docID=1910829
|z Click to View
|